| 000 | 00762nam a2200253 c 4500 | ||
|---|---|---|---|
| 001 | a5513661 | ||
| 003 | CO-ViMGA | ||
| 005 | 20230915233138.0 | ||
| 008 | 140710s2014 sp | |||| 000 f spa | ||
| 020 | _a9788433921024 | ||
| 040 |
_aCO-ViMGA _bspa _cCO-ViMGA |
||
| 041 | 1 | _heng | |
| 082 | 0 | 4 |
_a823 _bS31r |
| 100 | 1 |
_aSharpe, Tom _d1928-2013 _4aut _94136 |
|
| 240 | 1 | 0 |
_aRiotous assembly _lEspañol |
| 245 | 1 | 0 |
_aReunion tumultuosa / _cTom Sharpe ; traduccion de J.M. Alvarez Florez |
| 250 | _a1® ed. en La conjura de la risa | ||
| 260 |
_aBarcelona _bAnagrama _c2014 |
||
| 300 |
_a250 p. _c21 cm |
||
| 490 | 0 |
_aLa conjura de la risa _v2 |
|
| 650 | 1 | 4 |
_aNovela inglesa _91291 |
| 700 | 1 |
_aAlvarez Florez, Jose Manuel _etraductor _4trl _94137 |
|
| 942 |
_2ddc _cBK |
||
| 999 |
_c35678 _d35678 |
||